000
00351pab a2200157 454500
008
180718b2008 xxu||||| |||| 00| 0 eng d
100
_a
Jhunjhunwala, Bharat
245
_a
Reduce tax burden on common man
260
_c
2008
300
_a
p.3-4.
362
_a
23 Feb
650
_a
Taxation
773
_a
Mainstream
908
_a
N
909
_a
77385
999
_c
77385
_d
77385